Statystyki dla Literatura Polska #1

Kliknij tutaj aby rozwiązać quiz!

Ogólne statystyki

  • Ten quiz został rozwiązany 2 772 razy
  • Średni wynik to 12 z 24

Statystyki odpowiedzi

DziełoAutor% Poprawnych
Quo vadisHenryk Sienkiewicz
96%
Konrad WallenrodAdam Mickiewicz
93%
KordianJuliusz Słowacki
89%
WeseleStanisław Wyspiański
76%
ChłopiWładysław Reymont
75%
Kronika polskaGall Anonim
65%
Ludzie bezdomniStefan Żeromski
60%
FerdydurkeWitold Gombrowicz
58%
KatarynkaBolesław Prus
58%
Odprawa posłów greckichJan Kochanowski
55%
SolarisStanisław Lem
49%
Gloria victisEliza Orzeszkowa
48%
GranicaZofia Nałkowska
48%
Nie-boska komediaZygmunt Krasiński
42%
Krótka rozprawa między trzema osobami, Panem, Wójtem a PlebanemMikołaj Rej
41%
Mikołaja Doświadczyńskiego przypadkiIgnacy Krasicki
40%
Kot w pustym mieszkaniuWisława Szymborska
39%
Damy i HuzaryAleksander Fredro
27%
Moralność Pani DulskiejGabriela Zapolska
25%
SzewcyStanisław Ignacy Witkiewicz
24%
Noce i dnieMaria Dąbrowska
23%
Hrabina CoselJózef Ignacy Kraszewski
17%
EmigranciSławomir Mrożek
16%
O dwóch takich do ukradli księżycKornel Makuszyński
15%

Rozkład punktacji

Percentyl według liczby udzielonych odpowiedzi

Procent ludzi z każdym wynikiem

Twoja historia wyników

Nie rozwiązałeś tego quizu